000 01789nkm0a22003611 4500
001 RU\NLR\INFOCOMM_10\5000066960
005 20250806205546.0
035 _a(NLR Aleph) 010755896
090 _a78372
_c78372
100 _a20150325d1944 u y0rusy50 ca
101 0 _arus
102 _aRU
116 _aiybxx xx zz
135 _acrcn 024apaba
200 1 _aПутевка в ночной туберкулезный санаторий
_bИзоматериалы
_e[бланк]
_fРСФСР. Исполком Ленинградского городского Совета депутатов трудящихся. Ленинградский городской отдел здравоохранения
210 _a[Ленинград
_d1944]
215 _a1 л.
_d14х25 см
300 _aПодпись: Заведующий отделом здравоохранения ...
325 _aКопия доступна в Электрон. б-ке РНБ
606 1 0 _aБлокада Ленинграда
_z1941 - 1944
_2nlr_sh
_3RU\NLR\AUTH\661253360
801 1 _aRU
_binfocomm
_c20150325
801 0 _aRU
_bNLR
_gPSBO
852 _aNLR
_bЛ3-340
_j6-22/2-15
_pЛМ.2041
852 _aNLR
_bЛ3-340
_j6-22/2-15
_pЛМ.2042
856 0 _uhttp://vivaldi.nlr.ru/al000000416/view
856 1 _uhttp://vivaldi.nlr.ru/al000000416/cover
856 2 _uhttp://vivaldi.nlr.ru/al000000416/text
942 _cVISUAL
945 _aРоссийская национальная библиотека
980 _aBV
981 3 7 _a(37) Ленинград в Великой Отечественной войне
_b(37) Бланки официальных документов, продовольственные карточки
981 3 4 _a(34) Санкт-Петербург